Statystyki dla 15 krajów o największej liczbie zgonów Covid19 - 27 września

Kliknij tutaj aby rozwiązać quiz!

Ogólne statystyki

  • Ten quiz został rozwiązany 13 razy
  • Średni wynik to 11 z 20

Statystyki odpowiedzi

kraj% Poprawnych
Stany Zjednoczone
92%
Wielka Brytania
92%
Włochy
92%
Brazylia
83%
Francja
83%
Hiszpania
83%
Rosja
75%
Argentyna
67%
Indie
67%
Meksyk
67%
Chile
50%
Kolumbia
50%
Peru
50%
Republika
Południowej Afryki
50%
Iran
33%
Ekwador
25%
Szwecja
25%
Belgia
17%
Boliwia
17%
Panama
17%

Rozkład punktacji

Percentyl według liczby udzielonych odpowiedzi

Procent ludzi z każdym wynikiem

Twoja historia wyników

Nie rozwiązałeś tego quizu